Indian ocean strategy: school of Indian mangement in practice (Record no. 504157)

000 -LEADER
fixed length control field 00302cam a22000977a 4500
008 - FIXED-LENGTH DATA ELEMENTS--GENERAL INFORMATION
fixed length control field 180718b2010 xxu||||| |||| 00| 0 eng d
100 ## - MAIN ENTRY--PERSONAL NAME
Personal name Singh, Sandeep
245 ## - TITLE STATEMENT
Title Indian ocean strategy: school of Indian mangement in practice
Statement of responsibility, etc. by Sandeep Singh
260 ## - PUBLICATION, DISTRIBUTION, ETC.
Place of publication, distribution, etc. Mumbai
Name of publisher, distributor, etc. Sandeep Singh
Date of publication, distribution, etc. 2010
300 ## - PHYSICAL DESCRIPTION
Extent 241p.
Holdings
Withdrawn status Lost status Damaged status Not for loan Permanent Location Current Location Date acquired Barcode Date last seen Price effective from Koha item type
        Indian Institute of Public Administration Indian Institute of Public Administration 2018-08-04 GR20604 2018-08-04 2018-08-04 GR

Powered by Koha